<?xml version="1.0" encoding="UTF-8"?>
<collection xmlns="http://www.loc.gov/MARC21/slim">
 <record>
  <leader>01979cam a2200409 a 4500</leader>
  <controlfield tag="001">000044917</controlfield>
  <controlfield tag="003">3632</controlfield>
  <controlfield tag="005">20220811161514.0</controlfield>
  <controlfield tag="008">010220b1998    vm            000   vie</controlfield>
  <datafield tag="020" ind1=" " ind2=" ">
   <subfield code="c">18000</subfield>
  </datafield>
  <datafield tag="040" ind1=" " ind2=" ">
   <subfield code="a">LRCC</subfield>
   <subfield code="c">LRCC</subfield>
   <subfield code="d">LRCC</subfield>
  </datafield>
  <datafield tag="041" ind1="0" ind2=" ">
   <subfield code="a">vie</subfield>
  </datafield>
  <datafield tag="082" ind1="1" ind2="4">
   <subfield code="a">363.737</subfield>
   <subfield code="b">HO-M</subfield>
  </datafield>
  <datafield tag="100" ind1="1" ind2=" ">
   <subfield code="a">Hoàng Hạnh Mỹ.</subfield>
  </datafield>
  <datafield tag="245" ind1="1" ind2="0">
   <subfield code="a">Cải thiện môi trường ở trong điều kiện khí hậu Việt Nam /</subfield>
   <subfield code="c">Hoàng Hạnh Mỹ.</subfield>
  </datafield>
  <datafield tag="264" ind1=" " ind2="1">
   <subfield code="a">Hà Nội :</subfield>
   <subfield code="b">Xây dựng,</subfield>
   <subfield code="c">1998.</subfield>
  </datafield>
  <datafield tag="300" ind1=" " ind2=" ">
   <subfield code="a">136 tr. ;</subfield>
   <subfield code="c">27 cm.</subfield>
  </datafield>
  <datafield tag="520" ind1="3" ind2=" ">
   <subfield code="a">Vai trò khí hậu với môi trường ở; Các biện pháp cải thiện điều kiện môi trường ở...</subfield>
  </datafield>
  <datafield tag="526" ind1="0" ind2=" ">
   <subfield code="a">Kỹ thuật xây dựng</subfield>
  </datafield>
  <datafield tag="630" ind1="0" ind2="4">
   <subfield code="a">Môi trường.</subfield>
  </datafield>
  <datafield tag="650" ind1="0" ind2="4">
   <subfield code="a">Môi trường.</subfield>
  </datafield>
  <datafield tag="910" ind1=" " ind2=" ">
   <subfield code="a">NTMHA</subfield>
  </datafield>
  <datafield tag="911" ind1=" " ind2=" ">
   <subfield code="a">DUT</subfield>
  </datafield>
  <datafield tag="OWN" ind1=" " ind2=" ">
   <subfield code="a">DUT</subfield>
  </datafield>
  <datafield tag="AVA" ind1=" " ind2=" ">
   <subfield code="a">UDN50</subfield>
   <subfield code="b">DUT</subfield>
   <subfield code="c">Book</subfield>
   <subfield code="d">363.737 HO-M</subfield>
   <subfield code="e">available</subfield>
   <subfield code="t">Error 5001 Not defined in file expand_doc_bib_avail.</subfield>
   <subfield code="f">10</subfield>
   <subfield code="g">1</subfield>
   <subfield code="h">N</subfield>
   <subfield code="i">1</subfield>
   <subfield code="j">SH</subfield>
   <subfield code="k">1</subfield>
  </datafield>
  <datafield tag="Z40" ind1="3" ind2=" ">
   <subfield code="y">Cải thiện môi trường ở trong đều kiện khí hậu Việt Nam</subfield>
   <subfield code="l">Library of DUT</subfield>
   <subfield code="t">VIEW</subfield>
   <subfield code="x">http://catalog.udn.vn:80/F?func=service&amp;doc_library=UDN01&amp;local_base=UDN01&amp;doc_number=000044917&amp;sequence=000001&amp;line_number=0001&amp;func_code=DB_RECORDS&amp;service_type=MEDIA</subfield>
   <subfield code="f">8.SA.44917_000018130.pdf</subfield>
   <subfield code="e">pdf</subfield>
   <subfield code="s">032314952</subfield>
   <subfield code="k">20220811</subfield>
   <subfield code="m">NTMHA</subfield>
  </datafield>
  <datafield tag="999" ind1=" " ind2=" ">
   <subfield code="a">From the UDN01</subfield>
  </datafield>
  <datafield tag="AVA" ind1=" " ind2=" ">
   <subfield code="a">UDN50</subfield>
   <subfield code="b">DUT</subfield>
   <subfield code="c">Book</subfield>
   <subfield code="d">363.737 HO-M</subfield>
   <subfield code="e">available</subfield>
   <subfield code="t">Error 5001 Not defined in file expand_doc_bib_avail.</subfield>
   <subfield code="f">10</subfield>
   <subfield code="g">1</subfield>
   <subfield code="h">N</subfield>
   <subfield code="i">1</subfield>
   <subfield code="j">SH</subfield>
   <subfield code="k">1</subfield>
  </datafield>
  <datafield tag="TYP" ind1=" " ind2=" ">
   <subfield code="a">Monograph</subfield>
  </datafield>
  <datafield tag="TYP" ind1=" " ind2=" ">
   <subfield code="a">Printed language</subfield>
  </datafield>
  <datafield tag="856" ind1=" " ind2=" ">
   <subfield code="y">Cải thiện môi trường ở trong đều kiện khí hậu Việt Nam</subfield>
   <subfield code="l">Library of DUT</subfield>
   <subfield code="t">VIEW</subfield>
   <subfield code="x">http://catalog.udn.vn:80/F?func=service&amp;doc_library=UDN01&amp;local_base=UDN01&amp;doc_number=000044917&amp;sequence=000001&amp;line_number=0001&amp;func_code=DB_RECORDS&amp;service_type=MEDIA</subfield>
   <subfield code="f">8.SA.44917_000018130.pdf</subfield>
   <subfield code="e">pdf</subfield>
   <subfield code="s">032314952</subfield>
   <subfield code="k">20220811</subfield>
   <subfield code="m">NTMHA</subfield>
  </datafield>
  <datafield tag="980" ind1=" " ind2=" ">
   <subfield code="a">Mạng thư viện Đại học Đà Nẵng</subfield>
  </datafield>
 </record>
</collection>
